000 00654nam a2200193 i 4500
001 100432
003 ES-MaACL
005 20230906182656.0
007 t|
008 050928s1919 xxk ||||1| eng d
100 1 _aMasaryk, Tomás Garrigue.
_978671
245 1 4 _aThe spirit of Russia
_b: studies in History, Literature and Philosophy /
_cby Tomás Garrigue Masaryk; traslated from the german original by Eden and Cedar Paul.
260 _aLondon :
_bGeorge Allen,
_c1919.
300 _a2 v. ;
_c22 cm.
651 4 _aRusia-
_xCivilización.
_99328
700 1 _aPaul, Eden.
_989630
700 1 _aPaul, Cedar.
_989626
852 _aES-MaACL
_jC-2162-63
999 _c100432
_d100432